Freeman's guide to the property industry. (Record no. 100614)

MARC details
000 -LEADER
fixed length control field 00810cam a2200313 4500
001 - CONTROL NUMBER
control field
008 - FIXED-LENGTH DATA ELEMENTS--GENERAL INFORMATION
fixed length control field 000000n2000 000 0 eng u
020 ## - INTERNATIONAL STANDARD BOOK NUMBER
International Standard Book Number 0953840409
022 ## - INTERNATIONAL STANDARD SERIAL NUMBER
International Standard Serial Number 1470-8698
035 ## - SYSTEM CONTROL NUMBER
System control number (Sirsi) u106722
050 ## - LIBRARY OF CONGRESS CALL NUMBER
Classification number 333.33025
100 ## - MAIN ENTRY--PERSONAL NAME
Personal name Freeman, Peter
245 ## - TITLE STATEMENT
Title Freeman's guide to the property industry.
260 ## - PUBLICATION, DISTRIBUTION, ETC.
Place of publication, distribution, etc. London
Name of publisher, distributor, etc. Freeman Publishing
Date of publication, distribution, etc. 2000
300 ## - PHYSICAL DESCRIPTION
Extent xii,1567p. ; 28cm.
350 ## - PRICE (NR) (BK AM CF MU VM SE) [OBSOLETE]
Price 195.00
650 ## - SUBJECT ADDED ENTRY--TOPICAL TERM
Topical term or geographic name entry element DIRECTORIES
650 ## - SUBJECT ADDED ENTRY--TOPICAL TERM
Topical term or geographic name entry element PROPERTY OWNERS
650 ## - SUBJECT ADDED ENTRY--TOPICAL TERM
Topical term or geographic name entry element OCCUPIERS
650 ## - SUBJECT ADDED ENTRY--TOPICAL TERM
Topical term or geographic name entry element BIOGRAPHIES
650 ## - SUBJECT ADDED ENTRY--TOPICAL TERM
Topical term or geographic name entry element STATISTICS
650 ## - SUBJECT ADDED ENTRY--TOPICAL TERM
Topical term or geographic name entry element PROPERTY COMPANIES
650 ## - SUBJECT ADDED ENTRY--TOPICAL TERM
Topical term or geographic name entry element PROPERTY COMPANIES
690 ## - LOCAL SUBJECT ADDED ENTRY--TOPICAL TERM (OCLC, RLIN)
Topical term or geographic name as entry element PROPERTY
700 ## - ADDED ENTRY--PERSONAL NAME
Personal name Baum, Andrew
International Standard Serial Number editor
700 ## - ADDED ENTRY--PERSONAL NAME
Personal name Goldstone, Andrew
International Standard Serial Number editor
856 ## - ELECTRONIC LOCATION AND ACCESS
Uniform Resource Identifier <a href="www.propertyatfreemans.co.uk">www.propertyatfreemans.co.uk</a>
942 ## - ADDED ENTRY ELEMENTS (KOHA)
Suppress in OPAC 0
Holdings
Withdrawn status Lost status Source of classification or shelving scheme Damaged status Not for loan Home library Current library Shelving location Date acquired Cost, normal purchase price Total Checkouts Full call number Barcode Date last seen Copy number Cost, replacement price Price effective from Koha item type
    Dewey Decimal Classification     London London Basement 06/07/2000 185.25   SHELF 326 30061507 06/08/2019 1 185.25 06/08/2019 Reference material